| 000 | 00503cam a2200169 i 4500 | ||
|---|---|---|---|
| 001 | 36259 | ||
| 005 | 20230410132805.0 | ||
| 008 | 070222b1952 ag a 000 0 spa | ||
| 050 | 1 | 4 |
_aQH 325 _bL192s 1952 |
| 100 | 1 | _aLakhovsky, Jorge | |
| 245 | 0 | 3 |
_aEl secreto de la vida : _blas ondas cosmicas y la radiación vital / _cJorge Lakhovsky |
| 260 |
_aBuenos Aires, Argentina : _bEditorial Schapire, _c1952 |
||
| 300 | _a192 p. | ||
| 440 | 0 | _aColección Tauro | |
| 650 | 0 |
_aLife _xOrigin. |
|
| 942 |
_2lcc _cbk |
||
| 999 |
_c87804 _d87804 |
||